| 000 | 00794nam a22001817a 4500 | ||
|---|---|---|---|
| 005 | 20250113163519.0 | ||
| 010 | _aHIN-129247 | ||
| 020 |
_a9788194158189 _c495.00 |
||
| 035 | _aHN-101593 | ||
| 037 | _bDBAD | ||
| 082 | _a158.1 | ||
| 100 |
_aविक्रम दीवान _976498 |
||
| 245 |
_aसुखी जीवन के लिए प्रसन्न रहना सीखे / _bविक्रम दीवान |
||
| 260 |
_aदिल्ली _bकिताबवाला _c2020 |
||
| 270 |
_a2356, हडसन लाइन , गुरु तेग बहदुर नगर, _bदिल्ली _e110009 _k9654444181 _mkitabwallah@gmail.com |
||
| 300 |
_a149 पृ. _c22 सेमी (सजिल्द ) |
||
| 942 |
_2ddc _cHN _h158.1 _mदीवान |
||
| 999 |
_c208439 _d208439 |
||